000 00766nam a2200229Ia 4500
005 20260430150801.0
008 008 250103s9999 xx 000 0 hin d
037 _aTheses
040 _aCRL
040 _bhin
040 _chin
041 _2hin
041 _ahin
084 _qCRL
100 _aयादव, जितेन्द्र, ले.
_9868785
245 0 _aसमकालीन हिन्दी उपन्यासों में अभिव्यक्त किसान - जीवन (1980 - 201ृ5)
260 _c2023
300 _a294पृ0
700 _aदिल्ली विश्वविद्यालय. कला संकाय. हिन्दी विभाग
942 _cTH
999 _c1850759
_d1850759